000 00529nam a22001931a 4500
001 1259
003 OSt
005 20260204211727.0
008 040117s1998||||dr ||||||b||||||||||spa||
020 _a8489539863
050 _aRD 338.4791 M669d
082 _aRD 338.4791 M669d
100 _aMiolán, Angel
245 _aDatos para la historia del turismo de la República Dominicana / Angel Miolán
264 _aSanto Domingo : De Colores
300 _a420 p.
650 _a1.Turismo-República DominicanaÌ
942 _2ddc
_cBK
999 _c1259
_d1259